000 00676nam a2200229Ia 4500
005 20250508164139.0
008 008 250505s9999 xx 000 0 eng d
020 _a0-415-23126-4
037 _aTextBook
040 _aFEDL
_beng
_cFEDL
041 _aeng
_2eng
084 _a370.92, PAL
_qFEDL
100 _aPalmer Joy A Ed.
245 0 _aFifty graeat thinkers on education: From confucius to Dewey
260 _aLondon, UK
_bRoutledge
_c2004
300 _axiv,254p
365 _aINR
_b295
650 _aEducation; Biography
_9772666
700 _a Bresler Liora Ed. Cooper David E Ed.
_9777483
942 _cTB
_h370.92, PAL
999 _c1387316
_d1387316